SHL Arenas - Statistics

General Stats
  • This quiz has been taken 116 times
  • The average score is 6 of 14
Answer Stats
Team Arena % Correct
Djurgardens IF Hovet
87%
Frolunda HC Scandinavium
87%
Farjestad BK Lofbergs Arena
65%
Malmo Redhawks Malmo Arena
63%
Linkopings HC Saab Arena
59%
HV71 Kinnarps Arena
52%
Skelleftea AIK Skelleftea Kraft Arena
50%
Vaxjo Lakers Vida Arena
48%
Lulea HF Coop Norrbotten Arena
43%
Örebro HK Behrn Arena
39%
Rogle BK Lindab Arena
24%
Mora IK Jalas Arena
11%
Brynas IF Gavlerinkin Arena
1%
Karlskrona HK Telenor Arena Karlskrona
1%
No matching quizzes found
Score Distribution
Percent of People with Each Score
Percentile by Number Answered
Your Score History
You have not taken this quiz